000 00510nam a22001937a 4500
001 00028473
005 20260306080307.0
008 260306b ag ||||| |||| 00| 0 spa d
040 _aAR-CcCEOS
_bspa
_cAR-CcCEOS
041 _aspa
080 _a299.675
090 _bHUR
100 1 _aHurbon, Laënnec
_9782
245 _aDios en el vudu haitiano /
_cLaennec Hurbon
260 _aBuenos Aires :
_bCastañeda,
_cc1972.
300 _a270 p. ;
_c24x15 cm.
655 0 _areligión
_9501
942 _2udc
_cBK
_n0
999 _c28500
_d28500